[Event "LLHH 2122 Hamburger SK V - SC Königssp"]
[Site "?"]
[Date "2022.05.08"]
[Round "9.7"]
[White "Goetz, Claus"]
[Black "Wolke, Reimund"]
[Result "1-0"]
[WhiteElo "1916"]
[BlackElo "1864"]
[PlyCount "119"]
[EventDate "2022.??.??"]

1. e4 c5 2. Nc3 e6 3. g3 Nc6 4. Bg2 Nf6 5. Nge2 Be7 6. O-O d6 7. d3 O-O 8. h3
a6 9. Be3 Qc7 10. f4 Bd7 11. g4 h6 12. Ng3 Rac8 13. g5 hxg5 14. fxg5 Nh7 15.
Qh5 Ne5 16. h4 b5 17. Bf4 Ng6 18. Rae1 b4 19. Nd1 Qa5 20. e5 d5 21. Bc1 Qc7 22.
Bf4 a5 23. c3 Rb8 24. c4 dxc4 25. Be4 cxd3 26. Bxg6 fxg6 27. Qxg6 Rf7 28. Qh5
Nf8 29. g6 Nxg6 30. Qxg6 Bxh4 31. Rf3 Rbf8 32. Ref1 Bc6 33. R3f2 Qd7 34. Qg4
Bxg3 35. Qxg3 Be4 36. Ne3 Qd4 37. Bh6 Bf5 38. Nxf5 exf5 39. Be3 Qg4 40. Qxg4
fxg4 41. Bxc5 Rxf2 42. Rxf2 Rc8 43. Be3 Re8 44. Bf4 g5 45. Bg3 Rd8 46. Rd2 Kf7
47. Kf2 Ke6 48. Ke3 Rf8 49. Rxd3 Rc8 50. Rd6+ Ke7 51. Rf6 Rc2 52. Rf2 Rc1 53.
Ke4 Ke6 54. Rf6+ Ke7 55. Kf5 Rc2 56. Ra6 Rc5 57. Ra7+ Ke8 58. Kf6 Rc6+ 59. e6
Rxe6+ 60. Kxe6 1-0

[Event "LLHH 2122 Hamburger SK V - SC Königssp"]
[Site "?"]
[Date "2022.05.08"]
[Round "9.8"]
[White "Avdic, Faris"]
[Black "Samm, Bastian"]
[Result "1-0"]
[WhiteElo "1891"]
[BlackElo "1755"]
[PlyCount "83"]
[EventDate "2022.??.??"]

1. d4 d5 2. c4 c6 3. Nc3 e6 4. e4 dxe4 5. Nxe4 Nf6 6. Nxf6+ Qxf6 7. Nf3 Bb4+ 8.
Bd2 Bxd2+ 9. Qxd2 Nd7 10. Bd3 h6 11. O-O-O O-O 12. Bc2 Rd8 13. Qd3 Nf8 14. h4
c5 15. Qe4 cxd4 16. Nxd4 Bd7 17. Kb1 e5 18. Nf3 Bc6 19. Qxe5 Qxe5 20. Nxe5 Bxg2
21. Rhg1 Rxd1+ 22. Bxd1 Be4+ 23. Bc2 Bxc2+ 24. Kxc2 Ne6 25. Rd1 f6 26. Rd6 Nc5
27. Nd3 Rc8 28. Nxc5 Rxc5 29. Kd3 Rc7 30. Kd4 Kf7 31. b4 h5 32. c5 Ke7 33. f4
g6 34. Kd5 Rc8 35. b5 b6 36. c6 Rc7 37. Re6+ Kf7 38. Kd6 Rc8 39. Kd7 Ra8 40. c7
g5 41. fxg5 fxg5 42. Rh6 1-0

[Event "LLHH 2122 SK Weisse Dame - FC St. Pauli"]
[Site "?"]
[Date "2022.05.08"]
[Round "9.1"]
[White "Kahlert, Thomas"]
[Black "Popist, Florian"]
[Result "0-1"]
[WhiteElo "2148"]
[BlackElo "2136"]
[PlyCount "74"]
[EventDate "2022.??.??"]

1. c4 c5 2. Nf3 g6 3. Nc3 Bg7 4. g3 Nc6 5. Bg2 d6 6. O-O e5 7. d3 Nge7 8. a3
O-O 9. Rb1 a5 10. Bd2 Rb8 11. Ne1 Be6 12. Nc2 d5 13. cxd5 Nxd5 14. Ne3 Nxe3 15.
Bxe3 Nd4 16. b4 axb4 17. axb4 cxb4 18. Rxb4 Qa5 19. Qb1 Rfc8 20. Bxd4 exd4 21.
Ne4 b5 22. Nd6 Rc5 23. Nb7 Rxb7 24. Bxb7 Bf8 25. Bf3 Re5 26. Rxd4 b4 27. Qb2 b3
28. Ra1 Qb6 29. Ra8 Ra5 30. Rdd8 Rxa8 31. Rxa8 Qb4 32. Kg2 h5 33. h4 Kh7 34. d4
Bg7 35. e3 Bc4 36. Ra7 Bf8 37. Ra1 Bd3 0-1

[Event "LLHH 2122 SK Weisse Dame - FC St. Pauli"]
[Site "?"]
[Date "2022.05.08"]
[Round "9.2"]
[White "Mandelbaum, Peter-Rene"]
[Black "Thomaschke, Dirk"]
[Result "1-0"]
[WhiteElo "2076"]
[BlackElo "2179"]
[PlyCount "43"]
[EventDate "2022.??.??"]

1. e4 e5 2. Nf3 Nc6 3. Bb5 a6 4. Ba4 Nf6 5. O-O Be7 6. Bxc6 dxc6 7. d3 Nd7 8.
Nbd2 c5 9. Nc4 f6 10. Nh4 Nf8 11. Nf5 Ne6 12. f4 exf4 13. Bxf4 Nxf4 14. Rxf4
Bxf5 15. exf5 Qd7 16. Qh5+ Kf8 17. Re1 b5 18. Rfe4 bxc4 19. Rxe7 Qxe7 20. Rxe7
Kxe7 21. Qg4 Rhg8 22. Qe4+ 1-0

[Event "LLHH 2122 SK Weisse Dame - FC St. Pauli"]
[Site "?"]
[Date "2022.05.08"]
[Round "9.3"]
[White "Wronn, Bernd"]
[Black "Lansky, Georg"]
[Result "1/2-1/2"]
[WhiteElo "2155"]
[BlackElo "2012"]
[PlyCount "211"]
[EventDate "2022.??.??"]

1. Nf3 d5 2. d4 e6 3. c4 Be7 4. g3 Nf6 5. Bg2 O-O 6. O-O dxc4 7. Ne5 Nc6 8.
Bxc6 bxc6 9. Nxc6 Qe8 10. Nxe7+ Qxe7 11. Qc2 c5 12. Qxc4 cxd4 13. Qxd4 e5 14.
Qh4 Rd8 15. Nc3 Rb8 16. Bg5 h6 17. Bxf6 Qxf6 18. Qxf6 gxf6 19. Rfd1 Ba6 20.
Rxd8+ Rxd8 21. Kf1 Rd2 22. Rb1 Kg7 23. Ke1 Rd7 24. Rd1 Rc7 25. Rd6 Bc4 26. Kd2
Be6 27. b3 Kg6 28. e4 f5 29. Nd5 Rb7 30. exf5+ Kxf5 31. Ne3+ Kf6 32. Rc6 Rd7+
33. Kc3 Ke7 34. g4 Kf6 35. Rc5 Rd4 36. Ra5 Rf4 37. Rxa7 Rxf2 38. b4 Rxa2 39.
Rxa2 Bxa2 40. b5 Ke6 41. Kb4 Bb1 42. Kc5 Be4 43. b6 Kd7 44. Nc4 f6 45. Nd6 Bf3
46. h3 Bg2 47. h4 Bf3 48. b7 Kc7 49. Ne8+ Kxb7 50. Nxf6 e4 51. Kd4 Kc7 52. g5
hxg5 53. hxg5 Kd6 54. g6 Bd1 55. g7 Bb3 56. Kxe4 Ke7 57. Kf5 Ba2 58. Kg6 Bb3
59. Ne4 Be6 60. Ng3 Bf7+ 61. Kh6 Bb3 62. Kh7 Ba2 63. Nf5+ Kf6 64. Nd6 Bb3 65.
Ne4+ Ke7 66. Kg6 Bf7+ 67. Kg5 Bb3 68. Ng3 Be6 69. Nh5 Kf7 70. Kh6 Ke7 71. Nf4
Bb3 72. Ng6+ Kf6 73. Nh4 Bc4 74. Nf3 Bb3 75. Nh2 Bc4 76. Ng4+ Ke7 77. Ne5 Bb3
78. Kg5 Ba2 79. Nc6+ Kf7 80. Kh6 Kf6 81. Nd8 Bb3 82. Kh7 Ba2 83. Nb7 Bb3 84.
Nd6 Ba2 85. Nb5 Bb3 86. Nd4 Ba2 87. Nc2 Bb3 88. Ne3 Ba2 89. Ng4+ Kg5 90. Nh6
Bb3 91. Ng8 Ba2 92. Kh8 Bb3 93. Ne7 Kf6 94. Nc6 Ba2 95. Kh7 Bb3 96. Nd4 Ba2 97.
Nf3 Bb3 98. Nh2 Bc2+ 99. Kg8 Bb3+ 100. Kf8 Ba2 101. Nf3 Bb3 102. Nd2 Ba2 103.
Ne4+ Ke5 104. Nc5 Kf6 105. Na6 Bb3 106. Nc7 1/2-1/2

[Event "LLHH 2122 SK Weisse Dame - FC St. Pauli"]
[Site "?"]
[Date "2022.05.08"]
[Round "9.4"]
[White "Schiele, Lars"]
[Black "Kluth, Carsten"]
[Result "1-0"]
[WhiteElo "2063"]
[BlackElo "2105"]
[PlyCount "81"]
[EventDate "2022.??.??"]

1. d4 d5 2. c4 c6 3. Nf3 Nf6 4. Nc3 dxc4 5. a4 Bf5 6. e3 e6 7. Bxc4 Bb4 8. O-O
O-O 9. Qb3 Qe7 10. Bd2 a5 11. Rfe1 Bg6 12. Ne5 Nbd7 13. Nxg6 hxg6 14. e4 e5 15.
dxe5 Nxe5 16. Bf1 Qc7 17. h3 Rad8 18. Be3 Nd3 19. Red1 Nc5 20. Qc2 Ne6 21. Ne2
g5 22. Nd4 Nxd4 23. Bxd4 Qf4 24. f3 Bd6 25. Bb6 Qh2+ 26. Kf2 Bg3+ 27. Ke2 Rxd1
28. Rxd1 Nh5 29. Rd7 Be5 30. Kd2 Qf4+ 31. Be3 Qf6 32. Bc4 Bxb2 33. Bc5 Qf4+ 34.
Kd1 Nf6 35. Rd2 Be5 36. Bxf8 Kxf8 37. Qd3 Bc7 38. Qa3+ Kg8 39. Qe7 Bb6 40.
Qxf7+ Kh7 41. Rd7 1-0

[Event "LLHH 2122 SK Weisse Dame - FC St. Pauli"]
[Site "?"]
[Date "2022.05.08"]
[Round "9.5"]
[White "Goepfert, Jakob"]
[Black "Kuhle, Sebastian"]
[Result "1/2-1/2"]
[WhiteElo "2101"]
[BlackElo "2039"]
[PlyCount "85"]
[EventDate "2022.??.??"]

1. d4 Nf6 2. Nf3 e6 3. c4 b6 4. g3 Ba6 5. Qc2 Bb7 6. Bg2 Bb4+ 7. Nbd2 O-O 8.
O-O Bxd2 9. Bxd2 Be4 10. Qc3 d6 11. b4 Nbd7 12. a4 a5 13. bxa5 Rxa5 14. Ra3 e5
15. Qa1 Ra7 16. dxe5 Nxe5 17. Nxe5 Bxg2 18. Kxg2 dxe5 19. Bc3 Nd7 20. a5 bxa5
21. Rxa5 Qa8+ 22. f3 Rxa5 23. Qxa5 Qxa5 24. Bxa5 Nb6 25. Bxb6 cxb6 26. Rb1 Rb8
27. Rb5 Kf8 28. c5 Ke7 29. cxb6 Kd6 30. Kf2 f6 31. Ke3 Kc6 32. Rb2 Rxb6 33.
Rxb6+ Kxb6 34. Ke4 Kc6 35. Kf5 Kd6 36. g4 Ke7 37. g5 Kf7 38. gxf6 gxf6 39. e4
Ke7 40. Kg4 Kf7 41. h4 Kg6 42. h5+ Kf7 43. Kf5 1/2-1/2

[Event "LLHH 2122 SK Weisse Dame - FC St. Pauli"]
[Site "?"]
[Date "2022.05.08"]
[Round "9.7"]
[White "Knecht, Guntram"]
[Black "Lam, Marvin"]
[Result "1-0"]
[WhiteElo "2003"]
[BlackElo "1630"]
[PlyCount "53"]
[EventDate "2022.??.??"]

1. e4 e5 2. Nf3 Nc6 3. Bb5 a6 4. Ba4 Nf6 5. Bxc6 dxc6 6. d3 Bd6 7. Nbd2 Be6 8.
Nf1 Qd7 9. Ng3 h6 10. O-O O-O-O 11. Qe2 Nh7 12. Bd2 g5 13. b4 Nf8 14. a4 Ng6
15. Rfb1 Nf4 16. Qe3 b6 17. a5 Kb7 18. Bc3 f6 19. d4 exd4 20. Nxd4 Be5 21. Nxe6
Qxe6 22. Bxe5 Qxe5 23. Nf5 Rhe8 24. axb6 cxb6 25. Rd1 Rxd1+ 26. Rxd1 Qxe4 27.
Nd6+ 1-0

[Event "LLHH 2122 SK Weisse Dame - FC St. Pauli"]
[Site "?"]
[Date "2022.05.08"]
[Round "9.8"]
[White "Schmidt, Deniz"]
[Black "Schleicher, Guido"]
[Result "0-1"]
[WhiteElo "1794"]
[BlackElo "2234"]
[PlyCount "118"]
[EventDate "2022.??.??"]

1. e4 c6 2. d4 d5 3. Nc3 dxe4 4. Nxe4 Nf6 5. Nxf6+ exf6 6. Nf3 Bd6 7. Bd3 O-O
8. O-O Bg4 9. c3 Nd7 10. Bc2 Bh5 11. a4 a5 12. b3 Re8 13. Qd3 Bg6 14. Qd1 Bh5
15. Qd3 f5 16. Nd2 Nf6 17. f3 Qc7 18. h3 Bg6 19. Nc4 Bh2+ 20. Kh1 Nh5 21. f4
Bxf4 22. Bxf4 Nxf4 23. Qg3 Nd5 24. Qxc7 Nxc7 25. Bxf5 Nd5 26. Bxg6 hxg6 27. Rf3
Re7 28. Raf1 f6 29. R1f2 b6 30. Nb2 Kf7 31. c4 Nb4 32. Nd3 Nxd3 33. Rxd3 Re1+
34. Kh2 Rae8 35. Rff3 Rd8 36. Rf2 Rd7 37. Rc2 Re4 38. d5 Ke7 39. Rcd2 cxd5 40.
Rxd5 Rxd5 41. Rxd5 Re5 42. Rb5 Rxb5 43. axb5 Kd6 44. Kg3 Kc5 45. Kf3 a4 46.
bxa4 Kxc4 47. a5 Kxb5 48. axb6 Kxb6 49. h4 Kc6 50. Kg4 Kd6 51. h5 gxh5+ 52.
Kxh5 g5 53. Kg4 Ke5 54. Kg3 Kf5 55. Kf3 g4+ 56. Kg3 Kg5 57. Kf2 Kf4 58. g3+ Ke4
59. Ke2 f5 0-1

[Event "LLHH 2122 FC St. Pauli II - SV Diagonal"]
[Site "?"]
[Date "2022.05.08"]
[Round "9.1"]
[White "Fries-Nielsen, Jens Ove"]
[Black "Trisic, Aleksandar"]
[Result "0-1"]
[WhiteElo "2368"]
[BlackElo "2332"]
[PlyCount "78"]
[EventDate "2022.??.??"]

1. d4 Nf6 2. Nc3 d5 3. e3 c5 4. h3 Nc6 5. g4 h5 6. g5 Ne4 7. Nxe4 dxe4 8. Ne2
g6 9. d5 Ne5 10. Bg2 Nf3+ 11. Bxf3 exf3 12. Nc3 Bg7 13. Qxf3 O-O 14. Bd2 b5 15.
Ne4 Bb7 16. Nxc5 Bxd5 17. e4 Rc8 18. exd5 Rxc5 19. O-O-O Qc7 20. Kb1 Rc8 21. c3
b4 22. Rc1 bxc3 23. Bxc3 Bxc3 24. Rxc3 Rxc3 25. Qxc3 Qxc3 26. bxc3 Rxc3 27. h4
Rc4 28. Kb2 Kf8 29. Rc1 Rxh4 30. Rc8+ Kg7 31. Re8 Rd4 32. Rxe7 Rxd5 33. Rxa7
Rxg5 34. Rd7 Rf5 35. Rd2 h4 36. a4 h3 37. Kb3 g5 38. Kb4 h2 39. Rd1 Rxf2 0-1

[Event "LLHH 2122 FC St. Pauli II - SV Diagonal"]
[Site "?"]
[Date "2022.05.08"]
[Round "9.3"]
[White "Guindy, Esmat Susanne"]
[Black "Breyther, Ruediger"]
[Result "1/2-1/2"]
[WhiteElo "2101"]
[BlackElo "2249"]
[PlyCount "99"]
[EventDate "2022.??.??"]

1. c4 Nf6 2. g3 e6 3. Bg2 d5 4. cxd5 exd5 5. Nf3 Be7 6. O-O O-O 7. b3 a5 8. Bb2
a4 9. bxa4 Nbd7 10. Nc3 Nb6 11. d3 Bd7 12. Ne5 Bxa4 13. Nxa4 Nxa4 14. Qb3 Bd6
15. d4 Nxb2 16. Qxb2 Ra7 17. a4 Qd7 18. Nd3 Rfa8 19. e3 c6 20. Rfd1 h5 21. h4
Qe8 22. Ne1 Rxa4 23. Rxa4 Rxa4 24. Qxb7 Bxg3 25. fxg3 Qxe3+ 26. Kh1 Qxg3 27.
Qc8+ Kh7 28. Nf3 Ne4 29. Qf5+ Qg6 30. Qxg6+ fxg6 31. Rc1 g5 32. hxg5 Kg6 33.
Bh3 Nf2+ 34. Kh2 Nxh3 35. Kxh3 Kf5 36. Rxc6 Ra3 37. Kg2 Kf4 38. Ng1 Kxg5 39.
Rc5 Kf4 40. Rxd5 Ra2+ 41. Kf1 Ke3 42. Rxh5 Kxd4 43. Ne2+ Ke4 44. Rh4+ Ke5 45.
Rg4 Ra7 46. Kf2 Kd5 47. Nf4+ Ke5 48. Nh5 Kf5 49. Rxg7 Rxg7 50. Nxg7+ 1/2-1/2

[Event "LLHH 2122 FC St. Pauli II - SV Diagonal"]
[Site "?"]
[Date "2022.05.08"]
[Round "9.4"]
[White "Mitscherling, Andreas"]
[Black "Easwaralingam, Adesh"]
[Result "1/2-1/2"]
[WhiteElo "2181"]
[BlackElo "2081"]
[PlyCount "134"]
[EventDate "2022.??.??"]

1. d4 Nf6 2. Nf3 d5 3. Bf4 c5 4. e3 Nc6 5. c3 Qb6 6. Qc2 Bf5 7. dxc5 Bxc2 8.
cxb6 axb6 9. Na3 Be4 10. Nb5 Kd7 11. Be2 Bxf3 12. Bxf3 e5 13. Bg5 e4 14. Be2
Ne5 15. O-O h6 16. Bxf6 gxf6 17. Rfd1 Kc6 18. Rd2 Nc4 19. Nd4+ Kc7 20. Bxc4
dxc4 21. Nf5 Bc5 22. a3 Rae8 23. Rad1 Re5 24. Rd7+ Kc6 25. Ng3 Rf8 26. Kf1 b5
27. Ke2 h5 28. h4 Be7 29. Nxh5 Bxa3 30. Nxf6 Be7 31. R7d4 Re6 32. Nxe4 Bxh4 33.
Rd6+ Rxd6 34. Rxd6+ Kc7 35. Rh6 Be7 36. g4 f5 37. Rh7 Kd8 38. gxf5 Rxf5 39. f4
b4 40. cxb4 Rb5 41. Kd2 Rxb4 42. Kc2 Rb3 43. Rh3 Rb5 44. Rf3 Rh5 45. f5 Rh4 46.
Nd2 Rh2 47. Rf4 Re2 48. Kd1 Rxe3 49. Nxc4 Rd3+ 50. Kc2 Rd5 51. f6 Bf8 52. Ne3
Rc5+ 53. Kd3 Rb5 54. Kc3 Rc5+ 55. Kd4 Rb5 56. Nc4 Rb4 57. Kc3 Rb5 58. Rd4+ Kc7
59. Rh4 Rf5 60. Rh7+ Kd8 61. Rxb7 Rxf6 62. b4 Bxb4+ 63. Kxb4 Rf5 64. Rh7 Rd5
65. Na5 Rd7 66. Nc6+ Kc7 67. Rh6 Rd6 1/2-1/2

[Event "LLHH 2122 FC St. Pauli II - SV Diagonal"]
[Site "?"]
[Date "2022.05.08"]
[Round "9.5"]
[White "Wasmuth, Matthias"]
[Black "zur Lage, Julian"]
[Result "1/2-1/2"]
[WhiteElo "2153"]
[BlackElo "2152"]
[PlyCount "28"]
[EventDate "2022.??.??"]

1. d4 d5 2. Nf3 Nf6 3. e3 c6 4. Bd3 Bg4 5. Nbd2 e6 6. c3 Nbd7 7. Qc2 Be7 8. O-O
O-O 9. Ne5 Bh5 10. e4 Nxe5 11. dxe5 Nxe4 12. Nxe4 dxe4 13. Bxe4 Bg6 14. Be3 Qd5
1/2-1/2

[Event "LLHH 2122 FC St. Pauli II - SV Diagonal"]
[Site "?"]
[Date "2022.05.08"]
[Round "9.6"]
[White "Priebe, Jan"]
[Black "Martin-Sommerfeldt, Luis"]
[Result "1-0"]
[WhiteElo "2193"]
[BlackElo "2019"]
[PlyCount "67"]
[EventDate "2022.??.??"]

1. e4 e5 2. Nf3 d6 3. d4 exd4 4. Nxd4 Nf6 5. Nc3 Be7 6. Bf4 O-O 7. Qd2 Re8 8.
O-O-O Bf8 9. f3 a6 10. g4 b5 11. h4 Bb7 12. h5 Nfd7 13. g5 Ne5 14. Qg2 Nbd7 15.
Nf5 Re6 16. Qh3 Qe8 17. Nd5 Rc8 18. h6 g6 19. Ng7 Bxg7 20. hxg7 h5 21. gxh6 Kh7
22. Qg3 Bxd5 23. Rxd5 Nf6 24. Rd1 Nh5 25. Rxh5 gxh5 26. Bh3 Rxh6 27. Bxh6 Kxh6
28. Rg1 Ng6 29. Bxc8 Qxc8 30. Qg5+ Kxg7 31. f4 Kf8 32. f5 Ne7 33. Qxh5 Ke8 34.
Rg7 1-0

[Event "LLHH 2122 FC St. Pauli II - SV Diagonal"]
[Site "?"]
[Date "2022.05.08"]
[Round "9.7"]
[White "Holst, Marten"]
[Black "Richter, Maik"]
[Result "0-1"]
[WhiteElo "1932"]
[BlackElo "2160"]
[PlyCount "26"]
[EventDate "2022.??.??"]

1. b3 e5 2. Bb2 Bd6 3. g3 Nf6 4. Bg2 c6 5. c4 O-O 6. e3 Bc7 7. Ne2 d5 8. O-O
dxc4 9. bxc4 Qd3 10. Na3 Rd8 11. Bc3 Ne4 12. Bxe4 Qxe4 13. Qb3 Qf3 0-1

[Event "LLHH 2122 FC St. Pauli II - SV Diagonal"]
[Site "?"]
[Date "2022.05.08"]
[Round "9.8"]
[White "Reuber, Artur"]
[Black "Syed, Tareq"]
[Result "1-0"]
[WhiteElo "2148"]
[BlackElo "1967"]
[PlyCount "69"]
[EventDate "2022.??.??"]

1. c4 Nf6 2. g3 d6 3. d4 e5 4. d5 c6 5. Nc3 cxd5 6. cxd5 Be7 7. Bg2 O-O 8. Nf3
Nbd7 9. O-O a6 10. Ne1 b5 11. Nc2 Bb7 12. a4 bxa4 13. Nb4 Rc8 14. Rxa4 Nb8 15.
Qb3 a5 16. Nd3 Qc7 17. Be3 Nbd7 18. Rfa1 Ra8 19. Nb5 Qb8 20. Rxa5 Rxa5 21. Rxa5
e4 22. Nb4 Nc5 23. Bxc5 dxc5 24. Nc6 Bxc6 25. dxc6 Qb6 26. Ra7 Bd6 27. Qa4 Be5
28. c7 Bxc7 29. Rxc7 Rb8 30. Qc4 Qe6 31. Qxe6 fxe6 32. Rxc5 Nd7 33. Rc7 Nf6 34.
Nd6 Rd8 35. Rc8 1-0

[Event "LLHH 2122 Hamburger SK VI - SK Marmstor"]
[Site "?"]
[Date "2022.05.08"]
[Round "9.1"]
[White "Hebbinghaus, Holger"]
[Black "Engel, Robert"]
[Result "1/2-1/2"]
[WhiteElo "2281"]
[BlackElo "2135"]
[PlyCount "22"]
[EventDate "2022.??.??"]

1. d4 Nf6 2. Nf3 d5 3. g3 Bf5 4. Bg2 e6 5. c4 h6 6. Nc3 Be7 7. O-O O-O 8. cxd5
exd5 9. Qb3 Bc8 10. Qc2 c6 11. Bf4 Bd6 {(=)} 1/2-1/2

[Event "LLHH 2122 Hamburger SK VI - SK Marmstor"]
[Site "?"]
[Date "2022.05.08"]
[Round "9.2"]
[White "Garner, Isaac"]
[Black "Hawellek, Jeronimo"]
[Result "1-0"]
[WhiteElo "2226"]
[BlackElo "2253"]
[PlyCount "45"]
[EventDate "2022.??.??"]

1. Nf3 f5 2. d3 Nc6 3. d4 e6 4. g3 Nf6 5. Bg2 Be7 6. O-O d6 7. c4 e5 8. d5 Nb8
9. Nc3 O-O 10. c5 e4 11. cxd6 Bxd6 12. Nd4 Be5 13. f3 Nxd5 14. fxe4 Nxc3 15.
bxc3 fxe4 16. Qb3+ Kh8 17. Bg5 Bf6 18. Bxf6 Rxf6 19. Rxf6 gxf6 20. Qf7 Nd7 21.
Ne6 Qg8 22. Qe7 a5 23. Rf1 1-0

[Event "LLHH 2122 Hamburger SK VI - SK Marmstor"]
[Site "?"]
[Date "2022.05.08"]
[Round "9.3"]
[White "Mueller, Jan-Hendrik"]
[Black "Meyling, Lennart"]
[Result "1/2-1/2"]
[WhiteElo "2118"]
[BlackElo "2089"]
[PlyCount "91"]
[EventDate "2022.??.??"]

1. d4 d5 2. c4 e6 3. Nc3 a6 4. cxd5 exd5 5. Bf4 Nf6 6. e3 Be7 7. Bd3 O-O 8. h3
Nbd7 9. Nf3 c5 10. a4 cxd4 11. exd4 Re8 12. O-O Nf8 13. Qb3 b6 14. Ne5 Bb7 15.
Rfc1 Ne6 16. Be3 Bd6 17. f4 Nh5 18. Qc2 g6 19. Qf2 f6 20. Nxg6 hxg6 21. Bxg6
Nexf4 22. Bxe8 Qxe8 23. Qf3 Qg6 24. Rf1 Re8 25. Bxf4 Nxf4 26. Rae1 Rxe1 27.
Rxe1 Kh7 28. Qg4 Qxg4 29. hxg4 Bc8 30. g3 Nh3+ 31. Kg2 Ng5 32. Kf2 Bb4 33. Re8
Bxc3 34. bxc3 Bxg4 35. Rb8 Ne4+ 36. Ke3 Nxc3 37. Rxb6 a5 38. Ra6 Nxa4 39. Rxa5
Nc3 40. Rc5 Ne4 41. Rxd5 Nxg3 42. Kf4 Be6 43. Rc5 Ne2+ 44. Ke3 Nxd4 45. Kxd4
Kg7 46. Ke4 1/2-1/2

[Event "LLHH 2122 Hamburger SK VI - SK Marmstor"]
[Site "?"]
[Date "2022.05.08"]
[Round "9.4"]
[White "Fuhrmann, Aake"]
[Black "Ramme, Christoph"]
[Result "1-0"]
[WhiteElo "1937"]
[BlackElo "2151"]
[PlyCount "95"]
[EventDate "2022.??.??"]

1. c4 Nf6 2. g3 e5 3. Bg2 c6 4. d4 exd4 5. Qxd4 d5 6. cxd5 cxd5 7. Nf3 Nc6 8.
Qa4 Bc5 9. O-O O-O 10. Bg5 Be6 11. Nc3 Qb6 12. Bxf6 gxf6 13. Qc2 Be7 14. Rad1
d4 15. Na4 Qb4 16. b3 Rac8 17. Nh4 b5 18. Nb2 Qc3 19. Qb1 Ba3 20. Nd3 Ne7 21.
Nf4 Qc2 22. Rxd4 Qxb1 23. Rxb1 Rc2 24. Re4 Bc8 25. b4 Nf5 26. Nd5 Nxh4 27.
Nxf6+ Kg7 28. Nh5+ Kh8 29. Rxh4 Rxe2 30. Be4 Rxa2 31. Nf4 Kg8 32. Bxh7+ Kg7 33.
Bd3 a6 34. Rh7+ Kf6 35. Nd5+ Ke5 36. Rh5+ Kd6 37. Be4 Bb2 38. h3 Bd4 39. Rd1
Bxf2+ 40. Kf1 Rb2 41. Nf4+ Kc7 42. Nd3 Bd4 43. Nxb2 Bxb2 44. Bf5 Be6 45. Bxe6
fxe6+ 46. Ke2 e5 47. Rh7+ Kb8 48. Rd6 1-0

[Event "LLHH 2122 Hamburger SK VI - SK Marmstor"]
[Site "?"]
[Date "2022.05.08"]
[Round "9.5"]
[White "Diekmann, Jens"]
[Black "Klaas, Heiko"]
[Result "0-1"]
[WhiteElo "2061"]
[BlackElo "1935"]
[PlyCount "100"]
[EventDate "2022.??.??"]

1. c4 e6 2. Nf3 d5 3. b3 d4 4. g3 c5 5. Bg2 Nc6 6. O-O g6 7. d3 Bg7 8. Na3 Nge7
9. Nc2 a5 10. Bd2 O-O 11. a3 b6 12. Qc1 Bb7 13. Bh6 Qc7 14. Bxg7 Kxg7 15. Qb2
Ne5 16. Nxe5 Bxg2 17. Kxg2 Qxe5 18. e3 Nc6 19. exd4 Nxd4 20. Rfe1 Qf6 21. Nxd4
Qxd4 22. Qxd4+ cxd4 23. b4 axb4 24. axb4 Kf6 25. f4 Ke7 26. Kf3 f5 27. Ke2 Kd6
28. Kd2 h6 29. Kc2 g5 30. Kb3 Rg8 31. Rxa8 Rxa8 32. c5+ bxc5 33. bxc5+ Kxc5 34.
Rxe6 Rb8+ 35. Kc2 gxf4 36. gxf4 Rg8 37. Re5+ Kb4 38. Re2 Rg1 39. Rf2 h5 40. h3
h4 41. Kd2 Ra1 42. Rf3 Ra2+ 43. Ke1 Kc3 44. Kd1 Rd2+ 45. Kc1 Rxd3 46. Rf2 Rxh3
47. Rc2+ Kd3 48. Rd2+ Ke4 49. Kc2 Rc3+ 50. Kd1 Rd3 0-1

[Event "LLHH 2122 Hamburger SK VI - SK Marmstor"]
[Site "?"]
[Date "2022.05.08"]
[Round "9.6"]
[White "Kort, Felix"]
[Black "Koenig, Friedrich Theodor"]
[Result "0-1"]
[WhiteElo "1894"]
[BlackElo "1891"]
[PlyCount "73"]
[EventDate "2022.??.??"]

1. d4 d5 2. c4 c6 3. Nf3 Nf6 4. Nc3 e6 5. e3 Nbd7 6. Qc2 Bd6 7. Bd3 dxc4 8.
Bxc4 b5 9. Bd3 Bb7 10. O-O O-O 11. e4 e5 12. dxe5 Nxe5 13. Nxe5 Bxe5 14. Bg5 h6
15. Bh4 Qb8 16. Bg3 a6 17. Ne2 Rd8 18. f4 Bxb2 19. Rad1 Ba3 20. Qc3 Be7 21. Nd4
Rxd4 22. Qxd4 c5 23. Qe3 c4 24. Bc2 Qc8 25. Qe2 Ng4 26. Rf3 Bc5+ 27. Kh1 Qc6
28. Bh4 Qb6 29. h3 Ne3 30. Rd7 Nxc2 31. Qxc2 Re8 32. Rg3 Bxe4 33. Qc3 Bf8 34.
Bf6 g6 35. h4 Qc6 36. Rd1 b4 37. Qa1 0-1

[Event "LLHH 2122 Hamburger SK VI - SK Marmstor"]
[Site "?"]
[Date "2022.05.08"]
[Round "9.7"]
[White "Anderberg, Peter"]
[Black "Fuhrmann, Bahne"]
[Result "1/2-1/2"]
[WhiteElo "1979"]
[BlackElo "1901"]
[PlyCount "62"]
[EventDate "2022.??.??"]

1. d4 Nf6 2. c4 g6 3. Nc3 d5 4. cxd5 Nxd5 5. Bd2 c5 6. dxc5 Bg7 7. Rc1 Be6 8.
a3 O-O 9. Nf3 Nc6 10. e3 Qd7 11. Be2 Rfd8 12. O-O Rac8 13. Qa4 Nxc3 14. Bxc3
Nd4 15. Qd1 Bb3 16. Qe1 Nc2 17. Rxc2 Bxc2 18. Bxg7 Rxc5 19. Bd4 Rcc8 20. Bxa7
Qa4 21. Bd4 Be4 22. Bc3 h5 23. Nd4 e5 24. Nf3 f6 25. Nd2 Bd5 26. Bf3 h4 27.
Bxd5+ Rxd5 28. Qd1 Qd7 29. Qb3 Kg7 30. Nf3 h3 31. g3 Qc6 {(=)} 1/2-1/2

[Event "LLHH 2122 Hamburger SK VI - SK Marmstor"]
[Site "?"]
[Date "2022.05.08"]
[Round "9.8"]
[White "Jantzen, Hans-Joerg"]
[Black "Undritz, Bjoern"]
[Result "1-0"]
[WhiteElo "2175"]
[BlackElo "1902"]
[PlyCount "59"]
[EventDate "2022.??.??"]

1. d4 Nf6 2. Bf4 d5 3. e3 c5 4. c3 Nc6 5. Nd2 e6 6. Ngf3 Qb6 7. Rb1 cxd4 8.
exd4 a5 9. Bd3 Be7 10. Ne5 O-O 11. Qf3 Qd8 12. Qh3 g6 13. Bh6 Re8 14. f4 Bf8
15. O-O Nh5 16. Bxf8 Rxf8 17. g4 Nxe5 18. dxe5 Ng7 19. Qh6 Qb6+ 20. Kh1 Qe3 21.
Nf3 Qxd3 22. Ng5 Re8 23. Qxh7+ Kf8 24. Qh8+ Ke7 25. Qxg7 Rf8 26. Nh7 Qe4+ 27.
Kg1 Re8 28. Qf6+ Kd7 29. Qxf7+ Kd8 30. Qxe8+ 1-0

[Event "LLHH 2122 TV Fischbek - Hamburger SK VI"]
[Site "?"]
[Date "2022.05.15"]
[Round "4.2"]
[White "de Voogt, Juergen"]
[Black "Garner, Isaac"]
[Result "1/2-1/2"]
[WhiteElo "2252"]
[BlackElo "2240"]
[PlyCount "84"]
[EventDate "2022.??.??"]

1. e4 c5 2. Nc3 Nc6 3. g3 g6 4. Bg2 Bg7 5. d3 d6 6. Nge2 e6 7. Be3 Nd4 8. O-O
Ne7 9. Qd2 O-O 10. Rae1 Rb8 11. Nc1 b6 12. f4 Bb7 13. Nd1 d5 14. e5 Ndc6 15. g4
f6 16. exf6 Bxf6 17. Ne2 e5 18. h3 Qd7 19. fxe5 Nxe5 20. Bg5 Bg7 21. Ndc3 Rbe8
22. Ng3 d4 23. Nce4 Nd5 24. Rxf8+ Rxf8 25. Rf1 Nf7 26. Bf6 Ne3 27. Rf3 Ne5 28.
Bxe5 Rxf3 29. Bxf3 Bxe5 30. Nf1 Qf7 31. Ng5 Qf6 32. Qf2 Qxg5 33. Bxb7 Bf4 34.
Bf3 Kg7 35. h4 Qe5 36. Kh1 Qe6 37. Nxe3 dxe3 38. Qe1 Qe5 39. Qc3 Qxc3 40. bxc3
Be5 41. c4 Bg3 42. h5 gxh5 1/2-1/2

[Event "LLHH 2122 TV Fischbek - Hamburger SK VI"]
[Site "?"]
[Date "2022.05.15"]
[Round "4.3"]
[White "Meyling, Lennart"]
[Black "Kneip, Jakob"]
[Result "1-0"]
[WhiteElo "2079"]
[BlackElo "2112"]
[PlyCount "115"]
[EventDate "2022.??.??"]

1. d4 d5 2. c4 e6 3. Nc3 a6 4. cxd5 exd5 5. Bf4 Be6 6. e3 Bd6 7. Nge2 Nf6 8.
Bxd6 Qxd6 9. Nf4 O-O 10. Bd3 Nc6 11. Nxe6 Qxe6 12. O-O Rae8 13. Qb3 Rb8 14. Na4
Ne7 15. Nc5 Qg4 16. Qc2 Ng6 17. b4 Rfe8 18. Bf5 Qg5 19. Nd7 Nxd7 20. Bxd7 Red8
21. Bh3 Qe7 22. Rab1 c6 23. a4 Qd6 24. b5 axb5 25. axb5 Ne7 26. Rb2 Ra8 27.
Rfb1 g6 28. g3 h5 29. bxc6 bxc6 30. Bf1 h4 31. Rb6 hxg3 32. hxg3 Kg7 33. Bb5
Rh8 34. Bxc6 Qe6 35. Bxa8 Qh3 36. Bxd5 Nxd5 37. Qe4 Qh2+ 38. Kf1 Nc3 39. Rxg6+
Kh7 40. Qf3 Qh3+ 41. Ke1 fxg6 42. Rb7+ Kh6 43. Qf4+ Kh5 44. Qe5+ Kg4 45. Qe6+
Kf3 46. Qc6+ Ne4 47. Rf7+ Qf5 48. Rxf5+ gxf5 49. Kd1 Kxf2 50. g4 Kxe3 51. gxf5
Rd8 52. Kc2 Rd6 53. Qa4 Kf4 54. Qc4 Kxf5 55. Qb5+ Kf4 56. Kd3 Nf2+ 57. Ke2 Ng4
58. Qb8 1-0